• 首页
  • 本馆介绍
  • 公告通知
  • 最新文献
  • 馆藏检索
  • 电子资源
  • 读者导购
  • 参考咨询
  • 我的图书馆
  • 登录
  • 详细信息显示
  • 放入我的书架
  • 预约/预借图书
  • 作者相关作品
  • 分类相关作品
  • 丛书相关作品
  • 出版社相关作品

书目信息

  • 表格格式
  • 工作单格式
  • 卡片格式
题名:
硬盘修复、备份、分区一次搞定
    
 
作者: 王丽琴 编著
分册:  
出版信息: 北京   清华大学出版社  2002
页数: 362页
开本: 26cm
丛书名:
单 册:
中图分类: TP333.3
科图分类:
主题词: CT--S089801--硬磁盘 , 硬磁盘--基本知识
电子资源:
ISBN: 7-900637-99-0
000 01217nam0 2200361 450
000 01180nam0 2200349 450
000 01143nam0 2200337 450
000 01106nam0 2200325 450
000 01106nam0 2200337 450
000 01052nam0 2200313 450
000 00982nam0 2200289 450
000 00945nam0 2200277 450
000 00907nam0 2200265 45
001 012002070990
005 20070729100106.62
010    @a7-900637-99-0@dCNY42.00
035    @a(011001)c2002061609
100    @a20020906d2002 em y0chiy0110 ea
101 0  @achi
102    @aCN@b110000
105    @ay z 000yy
200 1  @a硬盘修复、备份、分区一次搞定@9ying pan xiu fu 、 bei fen 、 fen qu yi ci gao ding@f王丽琴编著
210    @a北京@c清华大学出版社@d2002
215    @a362页@d26cm@e光盘1片
305    @a台湾旗标松岗电脑图书资料股份有限公司授权出版
330    @a书中介绍了四套常用的硬盘工具软件,包括:数字免疫系统Pro-Magic,硬盘分区魔术师PartionMagic,诺顿魅影系统Norton Ghost2001等。
606 0  @2CT@3S089801@a硬磁盘
606 0  @a硬磁盘@x基本知识
690    @aTP333.3@v4
701  0 @a王丽琴@9wang li qin@4编著
801  0 @aCN@bTSSF@c20070729
905    @a10447@dTP333.3@e103
    
    硬盘修复、备份、分区一次搞定/王丽琴编著.-北京:清华大学出版社,2002
    362页;26cm+光盘1片
    
    
    ISBN 7-900637-99-0:CNY42.00
    书中介绍了四套常用的硬盘工具软件,包括:数字免疫系统Pro-Magic,硬盘分区魔术师PartionMagic,诺顿魅影系统Norton Ghost2001等。
●
相关链接 在E读中查询图书 在五车中查询图书 在当当中查询图书 在豆瓣中查询图书


正题名:硬盘修复、备份、分区一次搞定     索取号:TP333.3/103         预约/预借

序号 登录号 条形码 馆藏地/架位号 状态 备注
1 0784944   207849444   第三借阅区/ [索取号:TP333.3/103] 在馆    
2 0785263   207852634   第二样本阅览室/ [索取号:TP333.3/103] 在馆    
3 0785264   207852643   第三借阅区/ [索取号:TP333.3/103] 在馆    
4 0785265   207852652   第三借阅区/ [索取号:TP333.3/103] 在馆    
5 0785266   207852661   第三借阅区/ [索取号:TP333.3/103] 在馆    
唐山师范学院图书馆 欢迎您!
大连网信软件有限公司© 版权所有